Psychology and the teacher. (Record no. 11904)

MARC details
000 -LEADER
fixed length control field 00649cam a22002292 4500
001 - CONTROL NUMBER
control field 0000003559
005 - DATE AND TIME OF LATEST TRANSACTION
control field 20151217155206.0
008 - FIXED-LENGTH DATA ELEMENTS--GENERAL INFORMATION
fixed length control field 070509s xx 000 0 eng d
020 ## - INTERNATIONAL STANDARD BOOK NUMBER
International Standard Book Number 0826462758 :
Terms of availability KES 2,950
040 ## - CATALOGING SOURCE
Original cataloging agency KABU
Transcribing agency KABU
050 #0 - LIBRARY OF CONGRESS CALL NUMBER
Classification number LB1051
Item number .C45 2004
100 1# - MAIN ENTRY--PERSONAL NAME
Personal name Child, Dennis.
-- 0000153559
245 10 - TITLE STATEMENT
Title Psychology and the teacher.
250 ## - EDITION STATEMENT
Edition statement 7th ed.
260 ## - PUBLICATION, DISTRIBUTION, ETC. (IMPRINT)
Place of publication, distribution, etc. London :
Name of publisher, distributor, etc. Continuum,
Date of publication, distribution, etc. 2004.
300 ## - PHYSICAL DESCRIPTION
Extent xviii, 509 p.
650 #0 - SUBJECT ADDED ENTRY--TOPICAL TERM
Topical term or geographic name as entry element Educational psychology.
-- 0000153557
650 #0 - SUBJECT ADDED ENTRY--TOPICAL TERM
Topical term or geographic name as entry element Child psychology.
-- 0000148106
908 ## - PUT COMMAND PARAMETER (RLIN)
Put command parameter 070509
950 ## - LOCAL HOLDINGS (RLIN)
-- 1
Holdings
Withdrawn status Lost status Source of classification or shelving scheme Not for loan Home library Current library Date acquired Total Checkouts Total Renewals Full call number Barcode Date last seen Date last checked out Price effective from Koha item type
    Library of Congress Classification   Kabarak, Main Campus Kabarak, Main Campus 17/12/2015 12 2 LB1051 .C45 2004 006892 11/10/2018 05/10/2018 17/12/2015 General Collection
Designed with assistance from East African Informatics Ltd